Music Quiz

Random Music or Clickable Quiz

Match guitar to guitarist Quiz Stats

 Plays Quiz not verified by Sporcle

Support Sporcle.
Go Orange.
Score 0/50 Timer 10:00
0 Plays Today
% Correct
jimi hendrix
88.4%
slash
86.7%
eric clapton
83.4%
angus young
82.7%
jimmy page
78.9%
david gilmour
77.3%
stevie ray vaughan
77.3%
kurt cobain
74.2%
steve vai
70.9%
brian may
68.7%
tony iommi
67.5%
bb king
67.5%
keith richards
66.8%
mark knopfler
63.3%
carlos santana
63%
jeff beck
62.3%
yngwie malmsteen
61.1%
zakk wylde
59%
james hetfield
58.3%
dimebag darrell
55.5%
kirk hammett
54%
john lennon
50.2%
randy rhoads
49.8%
joe satriani
47.9%
ace frehley
45.5%
% Correct
buddy guy
43.6%
bruce springsteen
43.1%
eddie van halen
42.7%
paul stanley
37.7%
jack white
37.2%
duane allman
36%
paul gilbert
35.5%
dave mustaine
32.7%
albert king
31.3%
neil young
29.6%
richie sambora
28.4%
brian setzer
26.3%
billy corgan
24.6%
freddie king
20.4%
dickey betts
19.9%
robbie krieger
19.7%
george thorogood
19.2%
joe walsh
17.1%
chuck schuldiner
16.6%
lita ford
15.9%
jeff hanneman
15.4%
steve howe
13.5%
alex lifeson
13.5%
rick nielson
12.3%
larry lalonde
9.2%

You're not logged in!

Compare scores with friends on all Sporcle quizzes.
OR
Log In

From the Vault

Songs on 1989

by Derek

If Taylor were born two years later, this album would probably be a lot more grungy.
Remove Ads.
Support Sporcle.
Get the best of Sporcle when you Go Orange. This ad-free experience offers more features, more stats, and more fun while also helping to support Sporcle. Thank you for becoming a member.

Show Comments

Extras

Top Quizzes Today


Score Distribution

Your Account Isn't Verified!

In order to create a playlist on Sporcle, you need to verify the email address you used during registration. Go to your Sporcle Settings to finish the process.

Report this User

Report this user for behavior that violates our Community Guidelines.

Details: